• 首页
  • 本馆介绍
  • 公告通知
  • 最新文献
  • 馆藏检索
  • 电子资源
  • 读者导购
  • 参考咨询
  • 我的图书馆
  • 登录
  • 详细信息显示
  • 放入我的书架
  • 预约/预借图书
  • 作者相关作品
  • 分类相关作品
  • 丛书相关作品
  • 出版社相关作品

书目信息

  • 表格格式
  • 工作单格式
  • 卡片格式
题名:
黑木耳、银耳栽培关键技术图解
    
 
作者: 张锐 , 孙继军 , 刘岩岩 主编
分册:  
出版信息: 北京   化学工业出版社  2017.8
页数: 152页
开本: 21cm
丛书名:
单 册:
中图分类: S646.6-64 , S567.304.8-64
科图分类:
主题词: 木耳--栽培技术--图解 , 银耳--栽培技术--图解
电子资源:
ISBN: 978-7-122-29749-5
000 01038nam0 2200277 450
001 0400002873
005 20171021152500.0
010    @a978-7-122-29749-5@dCNY25.00
100    @a20170905e2017 em y0chiy50 ea
101 0  @achi
102    @aCN@b110000
105    @aa z 000yy
106    @ar
200 1  @a黑木耳、银耳栽培关键技术图解@9hei mu er、yin er zai pei guan jian ji shu tu jie@f张锐,孙继军,刘岩岩主编
210    @a北京@c化学工业出版社@d2017.8
215    @a152页@d21cm
330    @a本书共两篇,就目前黑木耳和银耳的栽培现状、发展前景、栽培关键技术及干制等方面进行了介绍。全书共分九章,主要内容包括:黑木耳的分布、生产现状及发展前景;黑木耳的生物学特性;黑木耳菌种保藏与菌种制备;黑木耳的栽培技术等。
606 0  @a木耳@x栽培技术@j图解
606 0  @a银耳@x栽培技术@j图解
690    @aS646.6-64@v5
690    @aS567.304.8-64@v5
701  0 @a张锐@9zhang rui@4主编
701  0 @a孙继军@9sun ji jun@4主编
701  0 @a刘岩岩@9liu yan yan@4主编
801  0 @aCN@b91MARC@c20171021
905    @b1021528-32@dS646.6-64@f5@e437
    
    黑木耳、银耳栽培关键技术图解/张锐,孙继军,刘岩岩主编.-北京:化学工业出版社,2017.8
    152页;21cm
    
    
    ISBN 978-7-122-29749-5:CNY25.00
    本书共两篇,就目前黑木耳和银耳的栽培现状、发展前景、栽培关键技术及干制等方面进行了介绍。全书共分九章,主要内容包括:黑木耳的分布、生产现状及发展前景;黑木耳的生物学特性;黑木耳菌种保藏与菌种制备;黑木耳的栽培技术等。
●
相关链接 在E读中查询图书 在五车中查询图书 在当当中查询图书 在豆瓣中查询图书


正题名:黑木耳、银耳栽培关键技术图解     索取号:S646.6-64/437         预约/预借

序号 登录号 条形码 馆藏地/架位号 状态 备注
1 1021528   210215284   第二样本阅览室/ [索取号:S646.6-64/437] 在馆    
2 1021529   210215293   密集书库-生命科学系/ [索取号:S646.6-64/437] 在馆    
3 1021530   210215300   第三借阅区/ [索取号:S646.6-64/437] 在馆    
4 1021531   210215319   第三借阅区/ [索取号:S646.6-64/437] 在馆    
5 1021532   210215328   第三借阅区/ [索取号:S646.6-64/437] 在馆    
唐山师范学院图书馆 欢迎您!
大连网信软件有限公司© 版权所有